00830cam a22002531 4500001001300000003000400013005001700017008004100034010001700075035002000092040002500112042001200137050001800149100004400167245003100211250001400242260006800256300002400324502011600348504003000464650002400494650004100518999001700559sa 63003627 DLC20260227111943.0841116s1962 ii b 000 0 eng  asa 63003627  a(OCoLC)11393739 aDLCcPLFdOCoLCdDLC apremarc00aPL4758.2b.M31 aManickam, Valliappa Subramaniam,d1917-14aThe Tamil concept of love. a[1st ed.] aMadras,bSouth India Saiva Siddhanta Works Pub. Society,c1962. axii, 339 p.c20 cm. a"Thesis ('Love in Sangam poetry') submitted [to the University of Madras] by me for the Ph. D. degree in 1956." aBibliography: p. [x]-xii. 0aLove in literature. 0aTamil poetryxHistory and criticism. c55210d55210